| 000 | 00505nam a22001937a 4500 | ||
|---|---|---|---|
| 003 | OSt | ||
| 005 | 20140310181805.0 | ||
| 008 | 130704t xxu||||| |||| 00| 0 eng d | ||
| 020 | _a0276420306 | ||
| 050 |
_aPE 1112 _b.H847 2006 |
||
| 082 |
_aREF 425 _bH33 2006 |
||
| 245 | _aHow to write and speak better. | ||
| 260 |
_aLondon _bReader's Digest Assoc., Ltd _cc2006. |
||
| 300 |
_a655 p. ; _c24 cm. |
||
| 521 | _aBasic Ed. Students | ||
| 541 | _j1 | ||
| 562 | _e1 | ||
| 942 |
_2lcc _cBK-GR _kREF |
||
| 999 |
_c3783 _d3783 |
||